Quizzes
Events
Quiz Creation
Community
Videos
Private Events
Remove Ads
Sign In
Join for FREE
Feedback
Dark Mode
Quiz Categories
Sports
Geography
Music
Movies
Television
Just For Fun
Miscellaneous
History
Literature
Language
Science
Gaming
Entertainment
Religion
Holiday
For Kids
Quiz Lab
Recent
Popular Today
Quiz Kudos Today
Editor Picks
Curator Picks
Quizzes by...
Day
Popularity
Type
Ratings
Length
Year
Community
Subscriptions
Recent Discussions
Orange Saloon
Badges
Playlists
Quests
Create
Leaderboards
Showdown
Live 5
Trivia Bingo
Activity
Puzzle Library
Sporcle Events
Private Events
Virtual Trivia
Globe League
Become a Host
Pub Owners
SporcleCon
Opinionation
Our Games
Videos
Blog
Mobile Apps
Partnerships
Remove Ads and Go Orange
Feedback
Geography
Country
Landmarks
City
State
Population
World
Capital
Continent
Flags
Europe
Africa
Asia
South America
North America
Oceania
Border
Canada
United Kingdom
Topography
United States
Geography
Country
Landmarks
City
State
Population
World
Capital
Continent
Flags
Europe
Africa
Asia
South America
North America
Oceania
Border
Canada
United Kingdom
Topography
United States
Random Quiz
Search Sporcle
×
Quiz Lab
Quiz Lab
Geography
backup
Type in answers that appear in a list
Type in answers that appear in a list
Classic
Best Score? Go Orange.
Backup QB's (2009) Stats
Can you name the Backup QB's (2009)?
By
chriss20
10m
32 Questions
301 Plays
301 Plays
301 Plays
Comments
Comments
Give Quiz Kudos
Give Quiz Kudos
-
- Ratings
hide this ad
Replay
Link that replays current quiz
Next Quiz
Link to next quiz in quiz playlist
You Got
0%
They Got
Avg Score
57%
Avg Friend Score
Upgrade to see
Score Distribution
Jump to the score distribution portion of the page
Score
0/32
Timer
10:00
0
Plays Today
Team
Quarterback
% Correct
Arizona Cardinals
Matt Leinart
91%
San Francisco 49ers
Alex Smith
88.7%
Baltimore Ravens
Troy Smith
88%
Minnesota Vikings
Tavaris Jackson
87.7%
Cleveland Browns
Derek Anderson
84%
Phiadelphia Eagles
Kevin Kolb
83.7%
Tennessee Titans
Vince Young
83%
Tampa Bay Buccaneers
Josh Johnson
78.3%
Miami Dolphins
Chad Henne
75%
Seattle Seahawks
Seneca Wallace
74.7%
Detroit Lions
Daunte Culpepper
74%
New York Giants
David Carr
72.7%
Pittsburgh Steelers
Charlie Batch
69%
Indianapolis Colts
Jim Sorgi
64.7%
New York Jets
Kellen Clemens
58.7%
Houston Texans
Rex Grossman
57%
Team
Quarterback
% Correct
Buffalo Bills
Ryan Fitzpatrick
55.3%
Kansas City Chiefs
Brodie Croyle
55.3%
New Orlean Saints
Mark Brunell
54.3%
St. Louis Rams
Kyle Boller
50%
Dallas Cowboys
Jon Kitna
49.7%
Washington Redskins
Todd Collins
49.7%
Carolina Panthers
Matt Moore
42%
San Diego Chargers
Billy Volek
40.3%
Atlanta Falcons
Chris Redman
39.7%
Oakland Raiders
Bruce Gradkowski
39%
Denver Broncos
Chris Simms
33.3%
Green Bay Packers
Matt Flynn
31.3%
Cincinnati Bengals
J.T. O'Sullivan
23.3%
New England Patriots
Brian Hoyer
19.7%
Jacksonville Jaguars
Luke McCown
19%
Chicago Bears
Caleb Hanie
13.7%
Quiz Playlist
Details
Report
Send in Message
Add To Playlist
Classic:
Type in answers that appear in a list
Last Updated: Feb 16, 2017
Quiz Scoreboard
CHALLENGE
Sign Up to Join the Scoreboard
Show All
Scores
Hide
Comments
May contain spoilers
Recently Published
An Introduction to Baseball
by treessimontrees
Sports
5m
Movies - When Are They Set?
by FPL_Elf
Movies
5m
Popular People in 1961
by mucciniale
History
6m
More to Explore
Quiz From the Vault
Featured Blog Post
Where Did the Easter Bunny Come From?
hide this ad
You Might Also Like...
Tags
2009
backup
Quarterbacks
team
Today's Top Quizzes in Geography
Browse Geography
hide this ad
Today's Top Quizzes in backup
Browse backup
Top Contributed Quizzes in Geography
1
Countries of the World - No Outlines Minefield
2
Top 25 Cities of France on a map
3
Closest Countries to UK A-Z
4
Any capital of a 'B' country per Continent
5
One Thing in Common: United Kingdom
6
Find the Provinces of Canada - No Outlines Minefield
7
Any capital of a 'C' country per Continent
8
Blind Secret Country CLXXXVIII
9
Find the US States - No Outlines
10
Any capital of a 'D' country per Continent
Explore More
Trending Topics
Harry Potter
NBA
Anime
Disney
Marvel
Crossword
Kpop
Puzzle
Song
The Office
WWE
Soccer
Pokémon
NFL
Country
hide this ad
More By:
chriss20
Quiz
Plays
Rating
Category
Featured
Created
Backup QB's (2009)
301
3.86
Geography
Sep 29, 2009
Types of American Cheeses
138
1.00
Miscellaneous
Sep 29, 2009
Go to Creator's Profile
Score Distribution
Quiz Creator Spotlight
chriss20
Follow
Send a Message
Quizzes Created
-
Created Quiz Play Count
-
More By This Creator
Popular Quizzes Today
1
Find the Countries of Europe - No Outlines Minefield
2
Find the US States - No Outlines Minefield
3
The Countries of the World
4
Popular People in 1961
5
US States
6
Find the US States
7
1-10 Letter E Words III
8
Risky Map Clicking: Biggest States A-Z
More Geography Quizzes
Country Grid: Canada
Curator's Pick
Trending Quizzes
Risky Map Clicking: Least Populous States A-Z
1-10 Letter F Words
1-10 Letter G Words
One Thing in Common: United Kingdom
Not Quite an Element Typing Challenge
Recently Updated
Leaping Animals
pecheneg
Reality TV Shows (A-Z)
bhenderson79
Rickey Henderson's Hall of Fame Teammates
pecheneg
Champions League XIs: Arsenal
pecheneg
Quick Pick: Celebrities in WWE's Hall of Fame
aduchscher
A-Z Keypad Blitz II
pecheneg
Multiple Oscar Actors
pecheneg
Mystery Phrase Blitz: Oscar 'Best Actors'
pecheneg
F. Scott Fitzgerald Novels
LTH
Pick 3 Villains
ddd62291
Trending Topics
NBA
Disney
Marvel
Crossword
Kpop
Harry Potter
Anime
NFL
Song
The Office
WWE
Puzzle
Soccer
Country
Pokémon
Your Account Isn't Verified!
In order to create a playlist on Sporcle, you need to verify the email address you used during registration. Go to your
Sporcle Settings
to finish the process.
Report this User
Report this user for behavior that violates our
Community Guidelines
.
Details:
Send Report
Go to the Sporcle.com Mobile Site →
Comments